Estudio de prefactibilidad para la recolección y tratamiento de las aguas residuales del cantón de Santa Ana
Gorde:
| Egile nagusia: | |
|---|---|
| Formatua: | Liburua |
| Argitaratua: |
San José, C.R.
1996
|
| Gaiak: | |
| Etiketak: |
Etiketa erantsi
Etiketarik gabe, Izan zaitez lehena erregistro honi etiketa jartzen!
|
MARC
| LEADER | 00000nam a2200000Ia 4500 | ||
|---|---|---|---|
| 003 | 3519 | ||
| 005 | 20221231144236.0 | ||
| 008 | 140114s1996 cr a m 000 ||sp d | ||
| 040 | |c cru CEDI | ||
| 090 | |a TFG 8011 | ||
| 100 | |a González Uribe, Randall |9 9767 | ||
| 245 | |a Estudio de prefactibilidad para la recolección y tratamiento de las aguas residuales del cantón de Santa Ana | ||
| 260 | |c 1996 |a San José, C.R. | ||
| 300 | |a 150 hojas : ilustraciones (algunas plegables) | ||
| 500 | |a Proyecto de graduación (licenciatura en ingeniería civil)--Universidad de Costa Rica. Facultad de Ingeniería. Escuela de Ingeniería Civil | ||
| 650 | |x PURIFICACION DE AGUAS RESIDUALES |x BIODEGRADACION DE AGUAS RESIDUALES |9 9768 | ||
| 942 | |c TFG | ||
| 999 | |c 18955 |d 18955 | ||
